00609nam a2200157Ia 4500008004000000082001600040100003900056245006700095260004800162300001300210650002100223690002100244906001000265999001900275952015700294210210b1998 xxu||||| |||| 00| 0 eng d a954.87 RAOC aRAO (B Surendra) and LOKESH (K M). aCoorg invented nineteenth century european writings on kodagu. aMadikeri.bForum for Kodagu Studies.,c1998 aviii,278 aCoorg Kodagu  aKarnataka Histor a05679 c103957d103957 001040708HistoryaALbALcHistoryd2021-02-17eAthree Book Centre, Mangalore-01.g195.00l0o954.87 RAOCp056790r2021-02-17 00:00:00w2021-02-17yBK